Province italiane confinanti con la stessa iniziale - Statistics

Statistiche generali
  • Questo quiz è stato fatto 100 volte
  • Il punteggio medio è 34 su 43
Statistiche sulle risposte
Provincia #1 Provincia #2 % Corretto
Vicenza Verona
94%
V Verona Vicenza
94%
B Barletta-Andria-Trani Bari
92%
B Brindisi Bari
92%
R Rieti Roma
92%
Asti Alessandria
90%
Roma Rieti
90%
Bari Barletta-Andria-Trani
87%
Bari Brindisi
87%
A Alessandria Asti
86%
Forlì-Cesena Firenze
86%
Monza-Brianza Milano
86%
M Milano Monza-Brianza
85%
Brescia Bergamo
83%
Cosenza Catanzaro
83%
Crotone Catanzaro
83%
P Parma Piacenza
83%
P Pavia Piacenza
83%
C Catanzaro Cosenza
82%
C Crotone Cosenza
82%
B Bergamo Brescia
80%
C Caltanissetta Catania
79%
Catanzaro Crotone
79%
C Cosenza Crotone
79%
Piacenza Parma
79%
P Pistoia Prato
77%
Catania Caltanissetta
76%
Modena Mantova
75%
Prato Pistoia
75%
Verbano-Cusio-Ossola Varese
75%
V Verbano-Cusio-Ossola Vercelli
75%
F Firenze Forlì-Cesena
73%
M Mantova Modena
73%
V Varese Verbano-Cusio-Ossola
73%
Piacenza Pavia
72%
C Campobasso Chieti
70%
Campobasso Caserta
68%
Bolzano Belluno
66%
P Perugia Pesaro-Urbino
63%
B Belluno Bolzano
56%
Chieti Campobasso
56%
C Caserta Campobasso
56%
Pesaro-Urbino Perugia
55%
Nessun quiz corrispondente trovato
Distribuzione punteggi
Percentuale di utenti per punteggio
Percentile per numero di risposta
I tuoi punteggi nel tempo
Non hai fatto questo quiz